000 00977nam a22003017a 4500
001 4986
003 FISKH
005 20250815161908.0
008 241030b cb ||||| |||| 00| 0 eng d
020 _a9780590674447
040 _aFISKH
_beng
_cFISKH
_dFISKH
050 _aE208.M83
082 _a973.3
100 _aMoore, Kay
245 _aIf You Lived at the Time of the American Revolution /
_cby Kay Moore : illustrated by Daniel O'Leary
250 _aThis edition first printing, September 2006
260 _aNew York :
_bScholastic ;
_c1997.
300 _a80 pages :
_bcolor illustrations ;
_c20 cm .
490 _aIf you... (1780)
505 _aU
520 _aDescribes conditions for the civilians in the colonies during and immediately after the war.
521 8 _a860
_bLexile
521 8 _aU
_bRaz-Plus
650 _aAmerican history
_vnon-fiction
700 _aWilliams, Laurie
_eBook Designer
942 _2ddc
_cBK
_n0
999 _c4986
_d4986